[Event "World Senior chT-65 2019"]
[Site "Rhodes"]
[Date "2019.04.18"]
[Round "3.40"]
[White "Svensson, Soren"]
[Black "Kauko, Pekka"]
[Result "1-0"]
[WhiteElo "1964"]
[BlackElo "1902"]
[PlyCount "115"]
[EventDate "2019.04.16"]
[EventType "team-tourn"]
[EventCountry "GRE"]
[TimeControl "40/5400+30:1800+30"]

1. d4 {[%emt 0:00:00]} Nf6 {[%emt 0:00:00]} 2. c4 {[%emt 0:00:00]} g6 {[%emt 0:00:05]} 3. Nc3 {[%emt 0:00:11]} Bg7 {[%emt 0:00:51]} 4. e4 {[%emt 0:00:16]} d6 {[%emt 0:00:15]} 5. Be2 {[%emt 0:00:19]} Nbd7 {[%emt 0:00:22]} 6. Bg5 {[%emt 0:00:55]} h6 {[%emt 0:01:20]} 7. Be3 {[%emt 0:00:34]} e5 {[%emt 0:03:17]} 8. d5 {[%emt 0:00:32]} O-O {[%emt 0:08:13]} 9. Qd2 {[%emt 0:02:01]} Nc5 {[%emt 0:01:52]} 10. f3 {[%emt 0:00:27]} Kh7 {[%emt 0:00:41]} 11. g4 {[%emt 0:04:44]} Ng8 {[%emt 0:01:26]} 12. h4 {[%emt 0:01:46]} a6 {[%emt 0:01:50]} 13. O-O-O {[%emt 0:05:42]} Bd7 {[%emt 0:00:35]} 14. Qc2 {[%emt 0:06:14]} b6 {[%emt 0:05:42]} 15. Nh3 {[%emt 0:02:39]} Rb8 {[%emt 0:03:42]} 16. Nf2 {[%emt 0:03:28]} b5 {[%emt 0:00:52]} 17. b4 {[%emt 0:02:22]} Na4 {[%emt 0:00:46]} 18. c5 {[%emt 0:03:25]} c6 {[%emt 0:15:06]} 19. dxc6 {[%emt 0:05:07]} Bxc6 {[%emt 0:02:06]} 20. Rxd6 {[%emt 0:00:26]} Qc7 {[%emt 0:00:34]} 21. Nd5 {[%emt 0:03:21]} Qb7 {[%emt 0:03:31]} 22. Rd1 {[%emt 0:07:59]} Rfd8 {[%emt 0:01:39]} 23. Nc3 {[%emt 0:01:06]} Rxd6 {[%emt 0:00:23]} 24. Rxd6 {[%emt 0:00:33]} Bf8 {[%emt 0:00:46]} 25. Rd1 {[%emt 0:00:48]} a5 {[%emt 0:01:21]} 26. a3 {[%emt 0:01:56]} axb4 {[%emt 0:00:19]} 27. axb4 {[%emt 0:00:14]} Nxc3 {[%emt 0:01:05]} 28. Qxc3 {[%emt 0:00:13]} Ra8 {[%emt 0:00:27]} 29. Nd3 {[%emt 0:04:04]} Bg7 {[%emt 0:00:59]} 30. Nxe5 {[%emt 0:14:32]} Bxe4 {[%emt 0:07:14]} 31. Bd4 {[%emt 0:06:58]} f6 {[%emt 0:00:39]} 32. fxe4 {[%emt 0:05:49]} Qxe4 {[%emt 0:02:46]} 33. Qc2 {[%emt 0:11:19]} Qf4+ {[%emt 0:00:33]} 34. Qd2 {[%emt 0:01:15]} Qxd2+ {[%emt 0:01:44]} 35. Rxd2 {[%emt 0:00:22]} fxe5 {[%emt 0:00:24]} 36. Bc3 {[%emt 0:01:06]} Ra7 {[%emt 0:02:28]} 37. Bxb5 {[%emt 0:01:05]} Nf6 {[%emt 0:03:22]} 38. Bxe5 {[%emt 0:03:51]} Ne4 {[%emt 0:00:18]} 39. Re2 {[%emt 0:00:28]} Nc3 {[%emt 0:01:55]} 40. Bxc3 {[%emt 0:00:00]} Bxc3 {[%emt 0:00:00]} 41. Re4 {[%emt 0:01:00]} Bf6 {[%emt 0:01:30]} 42. h5 {[%emt 0:01:13]} gxh5 {[%emt 0:00:32]} 43. gxh5 {[%emt 0:00:16]} Kg7 {[%emt 0:00:12]} 44. Kc2 {[%emt 0:06:27]} Ra3 {[%emt 0:01:03]} 45. Rc4 {[%emt 0:01:51]} Bd8 {[%emt 0:00:13]} 46. c6 {[%emt 0:02:01]} Bc7 {[%emt 0:01:55]} 47. Rg4+ {[%emt 0:04:52]} Kf7 {[%emt 0:00:47]} 48. Bc4+ {[%emt 0:01:19]} Kf8 {[%emt 0:01:33]} 49. Rg6 {[%emt 0:01:16]} Rh3 {[%emt 0:01:03]} 50. Rxh6 {[%emt 0:02:18]} Ke7 {[%emt 0:00:14]} 51. b5 {[%emt 0:02:08]} Ba5 {[%emt 0:01:23]} 52. Bd3 {[%emt 0:00:00]} Rf3 {[%emt 0:01:18]} 53. Rh7+ {[%emt 0:00:41]} Kd8 {[%emt 0:01:13]} 54. Rd7+ {[%emt 0:00:23]} Kc8 {[%emt 0:00:34]} 55. h6 {[%emt 0:00:13]} Rf2+ {[%emt 0:00:48]} 56. Kb3 {[%emt 0:00:13]} Rh2 {[%emt 0:00:17]} 57. h7 {[%emt 0:00:12]} Rh4 {[%emt 0:00:40]} 58. Rg7 {[%emt 0:02:38]} 1-0

[Event "World Senior chT-65 2019"]
[Site "Rhodes"]
[Date "2019.04.18"]
[Round "3.41"]
[White "Khandsuren, Sandagdorj"]
[Black "Baruch, Andrew J D"]
[Result "1/2-1/2"]
[WhiteElo "1954"]
[BlackElo "2039"]
[Annotator "NA"]
[PlyCount "28"]
[EventDate "2019.04.16"]
[EventType "team-tourn"]
[EventCountry "GRE"]
[SourceTitle "playchess.com"]
[Source "ChessBase"]
[SourceQuality "1"]
[WhiteTeam "Mongolia"]
[BlackTeam "England"]
[WhiteTeamCountry "MGL"]
[BlackTeamCountry "ENG"]
[TimeControl "40/5400+30:1800+30"]

1. e4 {[%emt 0:00:00]} Nf6 {[%emt 0:00:00]} 2. e5 {[%emt 0:00:45]} Nd5 {[%emt 0:00:00]} 3. d4 {[%emt 0:00:12]} d6 {[%emt 0:00:00]} 4. exd6 {[%emt 0:03:22]} cxd6 {[%emt 0:02:02]} 5. Bb5+ {[%emt 0:02:11]} Bd7 {[%emt 0:03:28]} 6. Bxd7+ {[%emt 0:00:32]} Nxd7 {[%emt 0:08:33]} 7. c4 {[%emt 0:03:33]} N5f6 {[%emt 0:01:14]} 8. Nc3 {[%emt 0:01:02]} e5 {[%emt 0:04:09]} 9. Qe2 {[%emt 0:04:56]} Be7 {[%emt 0:01:00]} 10. Nf3 {[%emt 0:02:43]} exd4 {[%emt 0:01:48]} 11. Nxd4 {[%emt 0:00:17]} O-O {[%emt 0:00:05]} 12. O-O {[%emt 0:00:36]} Re8 {[%emt 0:00:07]} 13. b3 {[%emt 0:04:55]} Qa5 {[%emt 0:03:17]} 14. Bb2 {[%emt 0:03:03]} d5 {[%emt 0:05:34]} 1/2-1/2

[Event "World Senior chT-65 2019"]
[Site "Rhodes"]
[Date "2019.04.18"]
[Round "3.42"]
[White "Reuben, Stewart"]
[Black "Myagmarsuren, Begz"]
[Result "1-0"]
[WhiteElo "1974"]
[BlackElo "1911"]
[PlyCount "105"]
[EventDate "2019.04.16"]
[EventType "team-tourn"]
[EventCountry "GRE"]
[TimeControl "40/5400+30:1800+30"]

1. d4 {[%emt 0:00:00]} d5 {[%emt 0:00:00]} 2. c4 {[%emt 0:00:00]} Nf6 {[%emt 0:00:00]} 3. cxd5 {[%emt 0:00:57]} Nxd5 {[%emt 0:00:00]} 4. Nc3 {[%emt 0:01:04]} c6 {[%emt 0:01:13]} 5. e4 {[%emt 0:01:01]} Nf6 {[%emt 0:01:10]} 6. Nf3 {[%emt 0:02:40]} e6 {[%emt 0:00:50]} 7. Bg5 {[%emt 0:03:31]} Be7 {[%emt 0:00:51]} 8. Bc4 {[%emt 0:10:48]} O-O {[%emt 0:00:41]} 9. Qd3 {[%emt 0:02:29]} a6 {[%emt 0:02:28]} 10. Bb3 {[%emt 0:01:03]} Nbd7 {[%emt 0:03:55]} 11. Bc2 {[%emt 0:00:30]} g6 {[%emt 0:03:28]} 12. Bh6 {[%emt 0:04:18]} Re8 {[%emt 0:00:46]} 13. h3 {[%emt 0:00:33]} Qc7 {[%emt 0:02:11]} 14. O-O {[%emt 0:04:42]} Nh5 {[%emt 0:01:35]} 15. g4 {[%emt 0:04:34]} Ng7 {[%emt 0:05:37]} 16. Qe3 {[%emt 0:01:56]} Nf6 {[%emt 0:02:13]} 17. Bf4 {[%emt 0:02:10]} Qd8 {[%emt 0:04:12]} 18. Be5 {[%emt 0:17:34]} Nd7 {[%emt 0:04:18]} 19. Bg3 {[%emt 0:03:41]} Nf6 {[%emt 0:02:05]} 20. Qh6 {[%emt 0:01:16]} Bf8 {[%emt 0:06:25]} 21. Qf4 {[%emt 0:03:45]} b5 {[%emt 0:01:54]} 22. Bh4 {[%emt 0:02:13]} Be7 {[%emt 0:00:10]} 23. Ne5 {[%emt 0:01:11]} Bb7 {[%emt 0:02:51]} 24. g5 {[%emt 0:04:41]} Ngh5 {[%emt 0:04:49]} 25. Qf3 {[%emt 0:00:23]} Nd7 {[%emt 0:04:09]} 26. Qxf7+ {[%emt 0:09:08]} Kh8 {[%emt 0:00:14]} 27. Ng4 {[%emt 0:01:05]} Rf8 {[%emt 0:05:27]} 28. Qxe6 {[%emt 0:00:39]} Nf4 {[%emt 0:00:29]} 29. Qb3 {[%emt 0:02:14]} Nxh3+ {[%emt 0:00:15]} 30. Kh2 {[%emt 0:02:40]} Nxg5 {[%emt 0:00:35]} 31. f4 {[%emt 0:02:15]} Nf3+ {[%emt 0:02:02]} 32. Rxf3 {[%emt 0:00:16]} Bxh4 {[%emt 0:00:16]} 33. e5 {[%emt 0:04:45]} Nb6 {[%emt 0:02:15]} 34. Rd1 {[%emt 0:02:25]} Nd5 {[%emt 0:04:24]} 35. Nxd5 {[%emt 0:01:49]} cxd5 {[%emt 0:00:02]} 36. f5 {[%emt 0:00:49]} Bc8 {[%emt 0:02:36]} 37. Ne3 {[%emt 0:01:14]} Bb7 {[%emt 0:06:42]} 38. Rdf1 {[%emt 0:00:30]} g5 {[%emt 0:02:28]} 39. Qd3 {[%emt 0:01:03]} Rc8 {[%emt 0:13:29]} 40. Bb1 {[%emt 0:00:00]} Qe8 {[%emt 0:00:00]} 41. f6 {[%emt 0:04:39]} Qh5 {[%emt 0:06:12]} 42. Qf5 {[%emt 0:06:40]} Rcd8 {[%emt 0:13:04]} 43. e6 {[%emt 0:02:45]} Bc8 {[%emt 0:03:53]} 44. Qe5 {[%emt 0:01:12]} Qh6 {[%emt 0:04:50]} 45. f7+ {[%emt 0:01:00]} Qg7 {[%emt 0:00:10]} 46. e7 {[%emt 0:02:25]} g4 {[%emt 0:02:06]} 47. exd8=Q {[%emt 0:02:11]} Bxd8 {[%emt 0:01:40]} 48. Qxg7+ {[%emt 0:03:14]} Kxg7 {[%emt 0:00:02]} 49. R3f2 {[%emt 0:03:48]} Bc7+ {[%emt 0:02:31]} 50. Kg2 {[%emt 0:00:16]} h5 {[%emt 0:02:52]} 51. Nf5+ {[%emt 0:03:02]} Kh8 {[%emt 0:00:25]} 52. Ne7 {[%emt 0:01:14]} Be6 {[%emt 0:01:24]} 53. Rf6 {[%emt 0:02:01]} 1-0

[Event "World Senior chT-65 2019"]
[Site "Rhodes"]
[Date "2019.04.18"]
[Round "3.43"]
[White "Serjmyadag, Damdin"]
[Black "Valentine, Brian J"]
[Result "0-1"]
[WhiteElo "1895"]
[BlackElo "1954"]
[PlyCount "73"]
[EventDate "2019.04.16"]
[EventType "team-tourn"]
[EventCountry "GRE"]
[TimeControl "40/5400+30:1800+30"]

1. e4 {[%emt 0:00:00]} e5 {[%emt 0:00:00]} 2. Nf3 {[%emt 0:00:00]} Nc6 {[%emt 0:00:00]} 3. Bc4 {[%emt 0:00:00]} Bc5 {[%emt 0:00:00]} 4. c3 {[%emt 0:00:22]} Nf6 {[%emt 0:00:02]} 5. d3 {[%emt 0:00:21]} d6 {[%emt 0:02:03]} 6. Bg5 {[%emt 0:04:09]} h6 {[%emt 0:00:19]} 7. Bh4 {[%emt 0:00:48]} a6 {[%emt 0:02:39]} 8. h3 {[%emt 0:02:02]} Qe7 {[%emt 0:06:38]} 9. Bb3 {[%emt 0:02:58]} Ba7 {[%emt 0:03:56]} 10. Na3 {[%emt 0:02:36]} Be6 {[%emt 0:04:33]} 11. Bc2 {[%emt 0:02:45]} g5 {[%emt 0:24:01]} 12. Bg3 {[%emt 0:02:59]} O-O-O {[%emt 0:00:46]} 13. Bb3 {[%emt 0:15:17]} Nh5 {[%emt 0:00:25]} 14. Bh2 {[%emt 0:06:07]} Nf4 {[%emt 0:01:29]} 15. Bxe6+ {[%emt 0:02:41]} Qxe6 {[%emt 0:00:27]} 16. Bxf4 {[%emt 0:01:24]} exf4 {[%emt 0:02:13]} 17. Qe2 {[%emt 0:03:25]} f5 {[%emt 0:02:36]} 18. exf5 {[%emt 0:25:15]} Qxf5 {[%emt 0:00:09]} 19. O-O-O {[%emt 0:01:31]} Rhe8 {[%emt 0:07:50]} 20. Qc2 {[%emt 0:00:20]} b5 {[%emt 0:01:21]} 21. d4 {[%emt 0:01:38]} Qf7 {[%emt 0:03:01]} 22. b4 {[%emt 0:02:22]} Re7 {[%emt 0:03:50]} 23. Rhe1 {[%emt 0:00:23]} Rde8 {[%emt 0:02:26]} 24. Rxe7 {[%emt 0:00:12]} Rxe7 {[%emt 0:00:05]} 25. Kb2 {[%emt 0:00:58]} Nb8 {[%emt 0:14:06]} 26. Qd3 {[%emt 0:04:04]} Nc6 {[%emt 0:05:32]} 27. Nd2 {[%emt 0:03:20]} d5 {[%emt 0:01:15]} 28. Nc2 {[%emt 0:01:47]} Kb7 {[%emt 0:00:44]} 29. a4 {[%emt 0:02:41]} bxa4 {[%emt 0:02:07]} 30. Ra1 {[%emt 0:01:26]} Re6 {[%emt 0:01:33]} 31. Rxa4 {[%emt 0:00:46]} Nb8 {[%emt 0:00:40]} 32. Nb3 {[%emt 0:00:28]} Qd7 {[%emt 0:00:31]} 33. Ra5 {[%emt 0:01:50]} Rc6 {[%emt 0:02:00]} 34. b5 {[%emt 0:01:28]} axb5 {[%emt 0:00:24]} 35. Qxb5+ {[%emt 0:01:43]} Bb6 {[%emt 0:01:01]} 36. Nc5+ {[%emt 0:01:24]} Rxc5 {[%emt 0:00:35]} 37. dxc5 {[%emt 0:00:12]} 0-1

[Event "World Senior chT-65 2019"]
[Site "Rhodes"]
[Date "2019.04.18"]
[Round "3.44"]
[White "Thynne, Trefor F"]
[Black "Bujinlkham, Purevdorj"]
[Result "1-0"]
[WhiteElo "1907"]
[BlackElo "1786"]
[PlyCount "55"]
[EventDate "2019.04.16"]
[EventType "team-tourn"]
[EventCountry "GRE"]
[TimeControl "40/5400+30:1800+30"]

1. d4 {[%emt 0:00:00]} d5 {[%emt 0:00:00]} 2. c4 {[%emt 0:00:00]} e6 {[%emt 0:00:00]} 3. Nc3 {[%emt 0:00:00]} Nf6 {[%emt 0:00:00]} 4. cxd5 {[%emt 0:00:07]} exd5 {[%emt 0:00:43]} 5. Bg5 {[%emt 0:00:07]} Be7 {[%emt 0:00:36]} 6. Bxf6 {[%emt 0:01:18]} Bxf6 {[%emt 0:00:18]} 7. e3 {[%emt 0:00:20]} O-O {[%emt 0:00:39]} 8. Bd3 {[%emt 0:00:30]} c6 {[%emt 0:00:59]} 9. Qc2 {[%emt 0:07:16]} h6 {[%emt 0:05:51]} 10. h3 {[%emt 0:01:22]} g6 {[%emt 0:05:41]} 11. Nf3 {[%emt 0:07:34]} Nd7 {[%emt 0:01:58]} 12. O-O {[%emt 0:04:05]} Bg7 {[%emt 0:01:23]} 13. b4 {[%emt 0:04:57]} a6 {[%emt 0:04:11]} 14. a4 {[%emt 0:01:22]} b6 {[%emt 0:03:50]} 15. b5 {[%emt 0:18:18]} Bb7 {[%emt 0:07:20]} 16. Qb3 {[%emt 0:00:42]} Nf6 {[%emt 0:06:42]} 17. bxc6 {[%emt 0:01:04]} Bxc6 {[%emt 0:01:14]} 18. Ne5 {[%emt 0:00:16]} Qc7 {[%emt 0:04:24]} 19. Rfc1 {[%emt 0:05:23]} Qb7 {[%emt 0:08:11]} 20. Rab1 {[%emt 0:02:54]} Rfb8 {[%emt 0:07:07]} 21. Nxc6 {[%emt 0:05:16]} Qxc6 {[%emt 0:00:00]} 22. Nb5 {[%emt 0:00:17]} Qd7 {[%emt 0:00:00]} 23. Nc7 {[%emt 0:02:34]} Ra7 {[%emt 0:00:04]} 24. Nxa6 {[%emt 0:01:52]} Rba8 {[%emt 0:05:27]} 25. Qxb6 {[%emt 0:06:15]} Kh7 {[%emt 0:10:08]} 26. Bb5 {[%emt 0:04:38]} Qe7 {[%emt 0:18:22]} 27. Nc5 {[%emt 0:04:39]} Ne8 {[%emt 0:06:40]} 28. Bc6 {[%emt 0:01:30]} 1-0

[Event "World Senior chT-65 2019"]
[Site "Rhodes"]
[Date "2019.04.18"]
[Round "3.46"]
[White "Seret, Jean-Luc"]
[Black "Carlile, Orison"]
[Result "1/2-1/2"]
[WhiteElo "2332"]
[BlackElo "2037"]
[PlyCount "81"]
[EventDate "2019.04.16"]
[EventType "team-tourn"]
[EventCountry "GRE"]
[TimeControl "40/5400+30:1800+30"]

1. e4 {[%emt 0:00:00]} e6 {[%emt 0:00:00]} 2. d3 {[%emt 0:00:08]} d5 {[%emt 0:00:00]} 3. Nd2 {[%emt 0:01:41]} Nc6 {[%emt 0:02:00]} 4. Ngf3 {[%emt 0:01:10]} Nf6 {[%emt 0:00:20]} 5. c3 {[%emt 0:01:18]} dxe4 {[%emt 0:03:50]} 6. dxe4 {[%emt 0:00:48]} Bc5 {[%emt 0:00:45]} 7. Bb5 {[%emt 0:01:50]} Bd7 {[%emt 0:02:32]} 8. Qe2 {[%emt 0:05:12]} a6 {[%emt 0:04:09]} 9. Bd3 {[%emt 0:02:26]} e5 {[%emt 0:03:14]} 10. Nc4 {[%emt 0:09:24]} Ng4 {[%emt 0:05:44]} 11. O-O {[%emt 0:00:45]} b5 {[%emt 0:06:46]} 12. Ne3 {[%emt 0:00:47]} Nxe3 {[%emt 0:00:34]} 13. Bxe3 {[%emt 0:01:31]} Bxe3 {[%emt 0:00:50]} 14. Qxe3 {[%emt 0:00:13]} Qe7 {[%emt 0:05:24]} 15. b4 {[%emt 0:05:12]} O-O {[%emt 0:02:13]} 16. a4 {[%emt 0:00:51]} Rab8 {[%emt 0:13:14]} 17. axb5 {[%emt 0:03:31]} axb5 {[%emt 0:00:12]} 18. Nd2 {[%emt 0:00:13]} Nd8 {[%emt 0:05:14]} 19. Nb3 {[%emt 0:01:01]} Ne6 {[%emt 0:00:30]} 20. Ra7 {[%emt 0:00:41]} Rfc8 {[%emt 0:04:09]} 21. Rd1 {[%emt 0:02:43]} Bc6 {[%emt 0:05:41]} 22. Be2 {[%emt 0:08:51]} Rd8 {[%emt 0:07:01]} 23. Raa1 {[%emt 0:00:00]} Rxd1+ {[%emt 0:03:20]} 24. Rxd1 {[%emt 0:00:00]} Rd8 {[%emt 0:00:52]} 25. Rxd8+ {[%emt 0:00:00]} Qxd8 {[%emt 0:00:11]} 26. g3 {[%emt 0:01:30]} h6 {[%emt 0:04:25]} 27. Na5 {[%emt 0:01:35]} Qd6 {[%emt 0:03:10]} 28. h4 {[%emt 0:00:24]} Bd7 {[%emt 0:01:28]} 29. Bg4 {[%emt 0:03:01]} Kh7 {[%emt 0:01:51]} 30. Nb7 {[%emt 0:02:53]} Qc6 {[%emt 0:02:13]} 31. Bf5+ {[%emt 0:01:15]} g6 {[%emt 0:00:27]} 32. Bxe6 {[%emt 0:00:05]} Qxe6 {[%emt 0:01:08]} 33. Nc5 {[%emt 0:03:46]} Qg4 {[%emt 0:02:18]} 34. Qd3 {[%emt 0:06:58]} Bc6 {[%emt 0:03:14]} 35. Kh2 {[%emt 0:05:04]} Qc8 {[%emt 0:01:27]} 36. f3 {[%emt 0:02:05]} h5 {[%emt 0:01:47]} 37. Qd2 {[%emt 0:04:11]} Kg7 {[%emt 0:00:48]} 38. Qg5 {[%emt 0:00:28]} f6 {[%emt 0:02:04]} 39. Qd2 {[%emt 0:00:02]} Qg8 {[%emt 0:03:06]} 40. g4 {[%emt 0:00:00]} hxg4 {[%emt 0:00:00]} 41. fxg4 {[%emt 0:00:52]} 1/2-1/2

[Event "World Senior chT-65 2019"]
[Site "Rhodes"]
[Date "2019.04.18"]
[Round "3.47"]
[White "Gibson, John F."]
[Black "Giffard, Nicolas"]
[Result "1-0"]
[WhiteElo "1818"]
[BlackElo "2252"]
[PlyCount "111"]
[EventDate "2019.04.16"]
[EventType "team-tourn"]
[EventCountry "GRE"]
[TimeControl "40/5400+30:1800+30"]

1. c4 {[%emt 0:00:00]} Nf6 {[%emt 0:00:26]} 2. Nc3 {[%emt 0:00:00]} e6 {[%emt 0:00:15]} 3. g3 {[%emt 0:00:00]} d5 {[%emt 0:00:09]} 4. cxd5 {[%emt 0:01:16]} exd5 {[%emt 0:00:08]} 5. Bg2 {[%emt 0:01:56]} c6 {[%emt 0:02:52]} 6. d4 {[%emt 0:02:53]} Bd6 {[%emt 0:00:26]} 7. Nf3 {[%emt 0:00:30]} O-O {[%emt 0:00:54]} 8. O-O {[%emt 0:00:11]} Re8 {[%emt 0:00:18]} 9. a3 {[%emt 0:04:21]} a5 {[%emt 0:00:37]} 10. Re1 {[%emt 0:02:50]} h6 {[%emt 0:02:49]} 11. Bd2 {[%emt 0:01:53]} Bf5 {[%emt 0:02:22]} 12. Qc1 {[%emt 0:06:10]} Nbd7 {[%emt 0:04:49]} 13. Bf4 {[%emt 0:00:25]} Bf8 {[%emt 0:00:29]} 14. h3 {[%emt 0:03:51]} g5 {[%emt 0:06:22]} 15. Bd2 {[%emt 0:01:16]} a4 {[%emt 0:02:20]} 16. h4 {[%emt 0:13:03]} g4 {[%emt 0:00:57]} 17. Ne5 {[%emt 0:00:14]} Nxe5 {[%emt 0:00:19]} 18. dxe5 {[%emt 0:00:09]} Rxe5 {[%emt 0:00:09]} 19. Bxh6 {[%emt 0:04:18]} Bxh6 {[%emt 0:00:18]} 20. Qxh6 {[%emt 0:00:08]} Bg6 {[%emt 0:00:16]} 21. Qf4 {[%emt 0:02:44]} Rf5 {[%emt 0:08:12]} 22. Qb4 {[%emt 0:03:31]} d4 {[%emt 0:10:28]} 23. Nxa4 {[%emt 0:11:21]} Rfa5 {[%emt 0:01:19]} 24. b3 {[%emt 0:14:11]} Rb5 {[%emt 0:03:33]} 25. Qc4 {[%emt 0:00:21]} Qd6 {[%emt 0:00:10]} 26. Red1 {[%emt 0:02:21]} Rd8 {[%emt 0:00:07]} 27. b4 {[%emt 0:04:03]} Re5 {[%emt 0:00:46]} 28. Nc5 {[%emt 0:01:48]} b5 {[%emt 0:00:05]} 29. Qa2 {[%emt 0:02:16]} Qe7 {[%emt 0:00:15]} 30. Rd2 {[%emt 0:01:35]} Nd5 {[%emt 0:00:11]} 31. Re1 {[%emt 0:07:33]} Nc3 {[%emt 0:07:08]} 32. Qb2 {[%emt 0:00:12]} Qf6 {[%emt 0:00:25]} 33. Nd3 {[%emt 0:04:37]} Bxd3 {[%emt 0:02:32]} 34. Rxd3 {[%emt 0:00:08]} Rd6 {[%emt 0:13:51]} 35. e4 {[%emt 0:03:37]} dxe3 {[%emt 0:02:12]} 36. Rdxe3 {[%emt 0:00:16]} Rxe3 {[%emt 0:03:18]} 37. Rxe3 {[%emt 0:00:03]} Nd1 {[%emt 0:00:16]} 38. Qxf6 {[%emt 0:00:35]} Rxf6 {[%emt 0:00:06]} 39. Re2 {[%emt 0:00:09]} Rd6 {[%emt 0:02:32]} 40. Rc2 {[%emt 0:00:00]} Rd3 {[%emt 0:00:00]} 41. Bxc6 {[%emt 0:00:48]} Rxa3 {[%emt 0:00:12]} 42. Bxb5 {[%emt 0:00:17]} Rb3 {[%emt 0:00:11]} 43. Rc4 {[%emt 0:00:19]} f5 {[%emt 0:00:05]} 44. Bd7 {[%emt 0:00:53]} Rf3 {[%emt 0:00:15]} 45. Rc2 {[%emt 0:00:23]} Kg7 {[%emt 0:00:09]} 46. b5 {[%emt 0:00:33]} Kf6 {[%emt 0:00:24]} 47. b6 {[%emt 0:00:58]} Rb3 {[%emt 0:00:07]} 48. Rc6+ {[%emt 0:00:36]} Ke5 {[%emt 0:00:05]} 49. h5 {[%emt 0:00:51]} Nc3 {[%emt 0:00:06]} 50. h6 {[%emt 0:00:53]} Ne2+ {[%emt 0:00:05]} 51. Kf1 {[%emt 0:00:15]} Nd4 {[%emt 0:00:06]} 52. h7 {[%emt 0:01:00]} Rb1+ {[%emt 0:00:06]} 53. Kg2 {[%emt 0:00:17]} Nf3 {[%emt 0:00:05]} 54. h8=Q+ {[%emt 0:00:40]} Kd5 {[%emt 0:00:06]} 55. Qg8+ {[%emt 0:00:34]} Ke5 {[%emt 0:00:06]} 56. Qe6+ {[%emt 0:00:27] Kd5 [%emt 00:00:14]} 1-0

[Event "World Senior chT-65 2019"]
[Site "Rhodes"]
[Date "2019.04.18"]
[Round "3.48"]
[White "Boudre, Jean-Pierre"]
[Black "Lynch, Peter J."]
[Result "1-0"]
[WhiteElo "2246"]
[BlackElo "1696"]
[PlyCount "55"]
[EventDate "2019.04.16"]
[EventType "team-tourn"]
[EventCountry "GRE"]
[TimeControl "40/5400+30:1800+30"]

1. e4 {[%emt 0:00:00]} c5 {[%emt 0:00:00]} 2. Nf3 {[%emt 0:00:00]} d6 {[%emt 0:00:00]} 3. c3 {[%emt 0:02:14]} Nf6 {[%emt 0:00:43]} 4. h3 {[%emt 0:00:57]} Nc6 {[%emt 0:00:43]} 5. Bd3 {[%emt 0:03:32]} g6 {[%emt 0:02:22]} 6. O-O {[%emt 0:00:22]} Bg7 {[%emt 0:00:42]} 7. Bc2 {[%emt 0:00:25]} O-O {[%emt 0:01:54]} 8. d4 {[%emt 0:00:32]} cxd4 {[%emt 0:00:50]} 9. cxd4 {[%emt 0:00:05]} Qc7 {[%emt 0:02:23]} 10. Nc3 {[%emt 0:00:16]} a6 {[%emt 0:00:42]} 11. Bg5 {[%emt 0:05:29]} Re8 {[%emt 0:09:42]} 12. Rc1 {[%emt 0:11:56]} e5 {[%emt 0:15:33]} 13. dxe5 {[%emt 0:19:08]} dxe5 {[%emt 0:00:43]} 14. Bxf6 {[%emt 0:06:30]} Bxf6 {[%emt 0:00:27]} 15. Nd5 {[%emt 0:00:04]} Qd8 {[%emt 0:00:24]} 16. Ba4 {[%emt 0:00:06]} Re6 {[%emt 0:03:42]} 17. Qd2 {[%emt 0:07:58]} Rd6 {[%emt 0:07:01]} 18. Rfd1 {[%emt 0:01:21]} Kg7 {[%emt 0:00:29]} 19. Qe3 {[%emt 0:03:59]} b5 {[%emt 0:08:57]} 20. Bb3 {[%emt 0:03:25]} Bb7 {[%emt 0:03:04]} 21. Nxf6 {[%emt 0:01:49]} Qxf6 {[%emt 0:02:25]} 22. Rxd6 {[%emt 0:05:06]} Qxd6 {[%emt 0:00:22]} 23. Qb6 {[%emt 0:00:05]} Qd7 {[%emt 0:08:45]} 24. Ng5 {[%emt 0:01:27]} Rc8 {[%emt 0:08:51]} 25. Nxf7 {[%emt 0:03:55]} Nd4 {[%emt 0:03:55]} 26. Rd1 {[%emt 0:00:16]} Qe7 {[%emt 0:13:55]} 27. Nd6 {[%emt 0:06:39]} Rc7 {[%emt 0:02:32]} 28. Qxc7 {[%emt 0:00:19]} 1-0

[Event "World Senior chT-65 2019"]
[Site "Rhodes"]
[Date "2019.04.19"]
[Round "4.1"]
[White "Faibisovich, Vadim Z"]
[Black "Westerinen, Heikki M.J."]
[Result "1/2-1/2"]
[WhiteElo "2302"]
[BlackElo "2286"]
[PlyCount "70"]
[EventDate "2019.04.16"]
[EventType "team-tourn"]
[EventCountry "GRE"]

{[%evp 21,70,4,5,5,2,15,14,3,14,6,25,0,8,10,23,4,2,-9,6,0,0,0,8,2,18,8,16,0,0,0,24,23,38,38,38,38,47,47,63,35,40,13,13,13,14,12,24,0,13,0,22]} 1. e4 e5 2. Nf3 Nc6 3. Nc3 Nf6 4. d4 exd4 5. Nxd4 Bb4 6. Nxc6 bxc6 7. Bd3 O-O 8. O-O Re8 9. Qf3 d5 10. exd5 cxd5 11. Bg5 c6 12. Bxf6 {C47: Scotch Four Knights and Four Knights with 4 g3} (12. Rfe1 Rxe1+ 13. Rxe1 Be6 14. a3 Be7 15. Ne2 h6 16. Bh4 g5 17. Bg3 c5 18. Nc3 Bg4 19. Qe3 Bd6 20. Bxd6 Qxd6 {0-1 (69) Lintchevski,D (2516)-Maghsoodloo,P (2688) St Petersburg 2018}) 12... Qxf6 13. Qxf6 gxf6 14. Ne2 Kg7 $146 ({Predecessor:} 14... Bf8 15. Ng3 Rb8 16. b3 Bb4 17. Nf5 Bxf5 18. Bxf5 Re5 19. f4 Re3 20. Rad1 Rb7 21. Rd3 {½-½ (21) Ma,L (2025)-Muminova,N (2324) Penang 2018}) 15. c3 Bd6 16. Rfe1 Rb8 17. b3 Bd7 18. Rad1 f5 19. Nd4 Kf6 20. Rxe8 Rxe8 21. g3 h6 22. f4 a5 23. Kf2 Bc5 24. Re1 Rb8 25. Ke3 Re8+ 26. Kd2 Rxe1 27. Kxe1 $11 {[%mdl 4096] Endgame KBB-KBN} Bb6 28. Ke2 c5 29. Nc2 d4 30. cxd4 cxd4 31. Na3 Bc6 32. Nc4 Bc7 33. Nd2 Bb6 34. Nc4 Bc7 35. Nd2 Bb6 {Accuracy: White = 48%, Black = 42%.} 1/2-1/2